000 01291nam0a2200337 4500
001 RU\NLR\bibl\1750956
005 20250616120628.0
010 _a978-5-91362-405-5
_97000
021 _aRU
_b2011-16710
_91179
035 _a(NLR Aleph) 001741814
090 _a1464133
_c1464133
100 _a20110325d2011 |||y0rusy50 ca
101 0 _arus
102 _aRU
105 _ay |||||||||
200 1 _aПереплывая реку...
_eв защиту жизни нерожденных детей
_e[сборник рассказов]
_fЕлена Живова
210 _aМосква
_cСибирская Благозвонница
_d2011
215 _a124, [2] с.
_d17
327 1 _aСодерж.: рассказы: Переплывая реку; Доченьки
606 1 _aАборт
_jПопулярные издания
_xПсихологические проблемы
_92599463
_3RU\NLR\auth\661536021
686 _aС550.535я9
686 _aЮ937.31я9
700 1 _4070
_7ca
_8rus
_aЖивова
_bЕ. В.
_f1972-
_gЕлена Владимировна
_9236944
_3RU\NLR\AUTH\770237000
801 0 _aRU
_bNLR
_c20110325
_gRCR
801 1 _aRU
_bNLR
_c20110325
830 _aавт. по кн.
942 _cBOOK
980 _aNB
980 _aNBR